000 00549nam a2200193 i 4500
001 146381
003 ES-MaACL
005 20230906201519.0
007 t|
008 070907s1970 sp ||||1| spa d
080 _a82-312.4"19"
100 1 _aTraver, Robert.
_9111245
245 1 3 _aEl testigo sonriente /
_cRobert Traver ; [traducido por Mireia Bofill].
250 _a[1ยช ed.].
260 _aBarcelona, etc. :
_bGrijalbo,
_c1970.
300 _a327 p. ;
_c19 cm.
700 1 _aBofill, Mireia.
_929779
852 _aES-MaACL
_jC-39501
_bR.72784
999 _c146381
_d146381